000 00424nam a2200145Ia 4500
003 OSt
005 20260120112532.0
008 211028s2014 xx 000 0 und d
040 _cAIMIT LIBRARY
041 _aeng
100 _aFernandes, Sylvan; Kamath, T Ramesh.
_g1216035
_97149
245 _aStudy with reference to vineeth precious catalysts pvt ltd /
260 _aMangaluru
_bT Ramesh Kamath
_c2014
942 _2ddc
_cPRO
999 _c218719
_d218719